| 000 | 00852nam a2200277 u 4500 | ||
|---|---|---|---|
| 001 | 000057269 | ||
| 005 | 20200120223518.0 | ||
| 008 | 130625s2006 ck a cr 000 0 spa d | ||
| 020 | _a9789583023477 | ||
| 041 | 0 |
_a*spa _heng |
|
| 043 | _as-ck--- | ||
| 090 |
_aC _bCASANhi |
||
| 100 | 1 | _aCasalis, Anna | |
| 245 | 1 | 0 |
_aHistorias de un minuto / _cAnna Casalis ; ilustración Tony Wolf; traductor Silvia Dávila Morales. |
| 250 | _a1a. ed. | ||
| 260 |
_aBogotá : _bPanamericana, _c2006. |
||
| 300 |
_a[54] p. : _bil., col. |
||
| 490 | 0 | _auna idea de Andrea Dami | |
| 500 | _aTítulo original : One Minute stories | ||
| 650 | 1 | 4 | _aCuentos infantiles. |
| 650 | 2 | 4 | _aLiteratura infantil. |
| 650 | 2 | 4 | _aAnimales en la literatura. |
| 650 | 2 | 4 | _aLibros ilustrados para niños. |
| 700 | 1 |
_aWolf, Tony _eil. |
|
| 700 | 1 |
_aDávila Morales, Silvia _etr. |
|
| 999 |
_c6563 _d6563 |
||